LEADER 01199nam a2200253 4500 001 000000339938 003 CaOOAMICUS 005 20200323150109.0 008 200323s1618 it 000 u lat r 026 $at,ia n-us exo- fali (3) 1618 (Q) 040 $aSeMil$bita 100 11$aSettala, Lodovico,$d<1552-1663>.$0(OLS)http://semarc/name/111246 245 00$aLudovicii Septalii De margaritis nuper ad nos allatis iudicium. Ad praestantiss. collegas suos Collegji Mediolanensis Medicos. 264 1$a(Mediolani :$bTypis Pandulphi Malatestae, impressoris regij cameralis,$c1618) 300 $a21, [3] p. ;$c4° 500 $aSegn.: A-C? 700 1 $aMalatesta, Pandolfo,$c.$0(OLS)http://semarc/name/111247 752 $aIT$dMilano 850 $aSeMil 852 $aSeMil$W1$xVenegono$y1$m3Z V 5/1 FA$j219300$B231122$CSeMilBibl$Z2$F231122 $8I 941 1 $a10 996 $6245$aLudovicii Septalii De margaritis nuper ad nos allatis iudicium. Ad praestantiss. collegas suos Collegji Mediolanensis Medicos$9(OLS)http://semarc/title/428863 996 $6264$a(Mediolani :$bTypis Pandulphi Malatestae, impressoris regij cameralis$9(OLS)http://semarc/publisher/58945 LEADER 01015nam a2200217 i 4500 001 000000180366 003 CaOOAMICUS 005 20090707000000.0 008 090707s1959 it u000 u fre u 013 $a158011 040 $aSeMil$bita 100 1 $aDevreesse, Robert <1894-1978>.$0(OLS)http://semarc/name/90424 245 14$aLes anciens commentateurs grecs de l'octateuque et des rois :$b(Fragments tirés des chaînes) /$cRobert Devreesse. 260 $aCittà del Vaticano :$bBiblioteca Apostolica Vaticana,$c1959. 300 $aXV, 208 p. ;$c26 cm. 490 0 $aStudi e testi ;$v201 830 0$aStudi e testi ;$v201.$0(OLS)http://semarc/title/153 850 $aSeMil 852 $aSeMil$W1$xVenegono$y1$m3C V 177$j131115$B131115$CSeMilBibl$Z2$F143016 $81 996 $6245$aLes anciens commentateurs grecs de l'octateuque et des rois :$b(Fragments tirés des chaînes)$9(OLS)http://semarc/title/258977 996 $6260$aCittà del Vaticano :$bBiblioteca Apostolica Vaticana$9(OLS)http://semarc/publisher/29667